Cours d'appel de France. - Statistiques

Statistiques générales
  • Ce quiz a été pris 8 fois
  • Le résultat moyen est 28 sur 37
Statistiques - réponses
Département ou territoire du ressort de la cour d'appel ANSWER % Correct
Charente, Dordogne et Gironde Bordeaux
100%
Drôme, Hautes-Alpes et Isère Grenoble
100%
Ain, Loire, Rhône et métropole de Lyon Lyon
100%
Essonne, Paris, Seine-et-Marne, Yonne, Seine-Saint-Denis et Val-de-Marne Paris
100%
Aisne, Oise et Somme Amiens
88%
Calvados, Manche et Orne Caen
88%
Côte-d'Or, Haute-Marne et Saône-et-Loire Dijon
88%
Moselle Metz
88%
Aude, Aveyron, Hérault et Pyrénées-Orientales Montpellier
88%
Côtes-d'Armor, Finistère, Ille-et-Vilaine, Loire-Atlantique et Morbihan Rennes
88%
Ariège, Haute-Garonne, Tarn et Tarn-et-Garonne Toulouse
88%
Alpes-de-Haute-Provence, Alpes-Maritimes, Bouches-du-Rhône et Var Aix-en-Provence
75%
Maine-et-Loire, Mayenne et Sarthe Angers
75%
Guadeloupe, Saint-Barthélemy et Saint-Martin Basse-Terre
75%
Corse-du-Sud et Haute-Corse Bastia
75%
Doubs, Haute-Saône, Jura et Territoire de Belfort Besançon
75%
Cher, Indre et Nièvre Bourges
75%
Guyane Cayenne
75%
Haut-Rhin et Bas-Rhin Colmar
75%
Martinique Fort-de-France
75%
Corrèze, Creuse et Haute-Vienne Limoges
75%
Meurthe-et-Moselle, Meuse et Vosges Nancy
75%
Nouvelle-Calédonie et Wallis-et-Futuna Nouméa
75%
Indre-et-Loire, Loir-et-Cher et Loiret Orléans
75%
Polynésie française Papeete
75%
Charente-Maritime, Deux-Sèvres, Vendée et Vienne Poitiers
75%
Eure et Seine-Maritime Rouen
75%
La Réunion, Mayotte et Terres australes et antarctiques françaises Saint-Denis
75%
Eure-et-Loir, Hauts-de-Seine, Val-d'Oise et Yvelines Versailles
75%
Gers, Lot et Lot-et-Garonne Agen
63%
Haute-Savoie et Savoie Chambéry
63%
Ardèche, Gard, Lozère, Vaucluse Nîmes
63%
Hautes-Pyrénées, Landes et Pyrénées-Atlantiques Pau
63%
Ardennes, Aube, et Marne Reims
63%
Nord et Pas-de-Calais Douai
50%
Allier, Cantal, Haute-Loire et Puy-de-Dôme Riom
38%
Saint-Pierre-et-Miquelon Saint-Pierre-et-Miquelon
25%
Aucun quiz correspondant
Distribution des résultats
% des personnes avec chaque résultat
Percentile par nombre de réponses
Votre historique - résultats
Vous n’avez pas pris ce quiz